000
00292nam a22001337a 4500
008
181102b xxu||||| |||| 00| 0 eng d
020
_a
9780070625471
041
_a
eng
080
_a
101
100
_a
25
101
_a
FIL
245
_a
The Philosophy Quest
_c
Gail.M.P
942
_2
udc
_c
BK
999
_c
51644
_d
51644